| 000 | 00501nam a2200121Ia 4500 | ||
|---|---|---|---|
| 008 | 220616s9999||||xx |||||||||||||| ||und|| | ||
| 100 | _aMittag, Jens | ||
| 245 | 0 | _aCharacterization, Avoidance and Repair of Packet Collisions in Inter-Vehicle Communication Networks | |
| 546 | _aEnglish[eng] | ||
| 650 | _aCarrier-Sense Multiple Access||High Fidelity Simulation||Inter-Vehicle Networks||Congestion Control||Inter-Vehicle Communications | ||
| 856 | _uhttps://www.ksp.kit.edu/9783866448803 | ||
| 942 | _cEB | ||
| 999 |
_c21082 _d21082 |
||